Pays par taux d'armement - Statistiques

Statistiques générales
  • Ce quiz a été pris 117 fois
  • Le résultat moyen est 5 sur 16
Statistiques - réponses
Armes à feu en % par habitant Réponses % Correct
88,8 États-Unis
100%
30,8 Canada
67%
34,2 Irak
51%
30,3 Allemagne
42%
35 Arabie saoudite
35%
34,2 Finlande
34%
54,8 Yemen
34%
31,6 Suède
32%
31,3 Norvège
30%
58,21 Serbie
27%
25,5 Oman
24%
30,3 Islande
20%
30,4 Autriche
18%
36,4 Chypre
12%
24,8 Bahreïn
11%
31,8 Uruguay
10%
Aucun quiz correspondant
Distribution des résultats
% des personnes avec chaque résultat
Percentile par nombre de réponses
Votre historique - résultats
Vous n’avez pas pris ce quiz